Statistics for Name a Valid Country by Two Letter Sequence

Click here to take the quiz!

General Stats

  • This quiz has been taken 1,427 times
    (493 since last reset)
  • The average score is 246 of 292

Answer Stats

LetterHintDone#Example% Correct
AAN58Iran
99%
IIA40Estonia
98%
NNI25Niger
98%
AAR18Armenia
97%
RRI19Austria
97%
AAL22Mali
97%
TTA18Italy
97%
SST16Costa Rica
97%
NNA15China
96%
NND24Iceland
96%
EER16Niger
96%
RRA18Brazil
96%
MME7Mexico
96%
DDA11Jordan
96%
MMA21Oman
96%
LLA22Poland
96%
EEN16Benin
96%
BBA12Cuba
96%
HHA8Haiti
96%
IIN29China
96%
NNG9Angola
95%
LLI16Mali
95%
OON16Estonia
95%
CCH6Chad
95%
IIS11Tunisia
95%
CCA13Canada
95%
AAT13Latvia
95%
OOM10Romania
95%
NNE18Senegal
95%
IIC14Iceland
95%
EES12Estonia
95%
IIT13Italy
95%
AAD10Canada
95%
DDO10Ecuador
95%
KKI8Pakistan
95%
TTI11Haiti
95%
TTH13Thailand
95%
EED6Sweden
95%
SSI7Indonesia
94%
SSO8Somalia
94%
DDS5Netherlands
94%
GGA10Tonga
94%
EEA10Guinea
94%
EEM5Yemen
94%
GGU10Guyana
94%
OOR16Portugal
94%
TTE7Guatemala
94%
UUA10Uruguay
94%
UUN7Hungary
94%
UUS6Belarus
94%
AAU8Palau
94%
ZZE6Azerbaijan
94%
AAF4Afghanistan
94%
AAI12Haiti
94%
AAM12Panama
94%
PPU6Papua New Guinea
94%
PPA8Nepal
94%
CCE6France
94%
MMB7Cambodia
93%
TTR5Australia
93%
AAZ3Brazil
93%
JJA3Japan
93%
FFR3France
93%
GGH2Ghana
93%
RRU8Russia
93%
GGE6Germany
93%
TTU6Tuvalu
93%
SSA9Samoa
93%
OOL7Poland
93%
HHI4China
93%
IIL5Chile
93%
BBE7Benin
93%
GGO7Togo
93%
BBI8Gambia
93%
CCO9Mexico
93%
UUR11Mauritania
93%
UUT5Bhutan
93%
DDE6Denmark
93%
MMO11Monaco
93%
EEC6Ecuador
93%
BBL5Czech Republic
93%
AAB5Gabon
93%
RRE13Ireland
93%
CCR3Croatia
93%
UUB6Cuba
93%
EEL9Belize
93%
BBO7Bolivia
93%
NNC4France
93%
RRG4Georgia
93%
EEP6Nepal
93%
VVA6Slovakia
92%
OOU5South Africa
92%
DDI6India
92%
ZZA4Kazakhstan
92%
IIR5Ireland
92%
VVI6Vietnam
92%
AAK3Pakistan
92%
RRB4Serbia
92%
OOV5Slovenia
92%
SSW4Sweden
92%
WWA6Taiwan
92%
RRO7Cameroon
92%
NNO5Norway
91%
RRK4Turkey
91%
JJI3Fiji
91%
NNT8Argentina
91%
OOS6Laos
91%
IIB5Liberia
91%
AAY4Norway
91%
HHE6Netherlands
91%
WWE2Zimbabwe
91%
FFI2Finland
91%
TTO6Estonia
91%
AAP4Japan
91%
YYA4Kenya
90%
PPO3Singapore
90%
NNY2Germany
90%
MMI5Dominica
90%
DDK1United Kingdom
90%
LLU3Tuvalu
90%
HHU3Hungary
90%
ZZI2Brazil
90%
EEG5Egypt
90%
BBU4Bulgaria
90%
LLO4Colombia
90%
GGD1United Kingdom
90%
SSL4Slovakia
90%
NNM3Denmark
89%
YYR2Syria
89%
VVE4Slovenia
89%
KKA2Sri Lanka
89%
OOC2Morocco
89%
UUG3Uganda
89%
UUD4Sudan
89%
LLG4Bulgaria
89%
LLE5Lebanon
89%
IIP2Philippines
88%
UUI4Guinea
88%
RRD2Jordan
88%
GGY2Egypt
88%
RRT3Portugal
88%
IIJ2Fiji
88%
AAS6Honduras
88%
PPI2Ethiopia
88%
RRM2Armenia
88%
KKO3Kosovo
88%
GGR4Grenada
88%
KKE2Kenya
88%
YYP2Egypt
88%
HHR2Bahrain
87%
PPR2Cyprus
87%
OOA3Croatia
87%
HHS2Kazakhstan
87%
BBR2Brazil
87%
IIM2East Timor
87%
AAG4Paraguay
87%
UUE2Venezuela
87%
EEW2New Zealand
87%
SSE3Senegal
87%
QQA1Qatar
86%
CCI3Saint Lucia
86%
FFG1Afghanistan
86%
IIE3Vietnam
86%
QQU2Equatorial Guinea
86%
XXI1Mexico
86%
EET3Ethiopia
86%
EEX1Mexico
86%
RRW2Norway
85%
YYE1Yemen
85%
PPE3Peru
85%
EEY2Turkey
85%
SSS2Russia
85%
SSU3Sudan
85%
WWI2Malawi
85%
SSR2Israel
84%
PPH1Philippines
84%
PPP1Philippines
84%
TTV2Latvia
84%
KKH1Kazakhstan
84%
OOF3Republic of the Congo
84%
JJO1Jordan
84%
UUK1Ukraine
83%
VVO2Kosovo
83%
SSP1Spain
83%
RRL2Switzerland
83%
AAA2Antigua and Barbuda
83%
KKR1Ukraine
83%
CCZ1Czech Republic
83%
CCU2Cuba
83%
BBW1Zimbabwe
83%
AAQ1Iraq
82%
UUX1Luxembourg
82%
OOT3Lesotho
82%
IIV3Maldives
82%
KKY1Kyrgyzstan
82%
XXE1Luxembourg
82%
EEI2Brunei
82%
ZZS1Kyrgyzstan
82%
YYZ1Kyrgyzstan
82%
ZZB1Uzbekistan
81%
HHO2Lesotho
81%
UUZ1Uzbekistan
81%
AAO2Laos
81%
CCY1Cyprus
81%
SSH2Bangladesh
81%
EEK1Uzbekistan
81%
GGI2Belgium
81%
WWZ1New Zealand
81%
RRY2Hungary
81%
LLL2Seychelles
80%
DDJ1Djibouti
80%
HHK2South Korea
79%
IIG3Nigeria
79%
TTS2Botswana
79%
TTT2Saint Kitts and Nevis
79%
MMY1Myanmar
79%
RRR2Andorra
79%
SSY1Syria
78%
NNR2Dominican Republic
78%
YYC2Seychelles
78%
PPT1Egypt
77%
BBH1Bhutan
77%
IIQ1Mozambique
77%
OOZ1Mozambique
77%
IIK1Tajikistan
76%
UUW1Kuwait
76%
AAH2Bahamas
76%
KKU1Kuwait
76%
EEO2Georgia
76%
AAJ1Tajikistan
76%
FFT2Republic of the Congo
76%
DDT2Trinidad and Tobago
76%
EEV2Saint Kitts and Nevis
75%
EEZ1Venezuela
75%
ZZU1Venezuela
75%
IIU2Belgium
75%
LLB1Albania
75%
NNL1Finland
74%
CCC1Morocco
74%
EEE1Greece
73%
EEQ1Equatorial Guinea
73%
TTZ1Switzerland
73%
WWG1Papua New Guinea
72%
AAC2Monaco
72%
NNZ1Tanzania
71%
TTK1Saint Kitts and Nevis
70%
DDN1Saint Kitts and Nevis
70%
OOO1Cameroon
70%
DDH1Bosnia and Herzegovina
69%
RRZ1Bosnia and Herzegovina
69%
SSN1Bosnia and Herzegovina
69%
UUY1Guyana
69%
UUV1Tuvalu
68%
TTL1Saint Lucia
67%
KKM1Turkmenistan
67%
LLD2Moldova
67%
UUC1Saint Lucia
67%
NNK1Sri Lanka
67%
NNS1Liechtenstein
67%
TTN1Vietnam
67%
HHT1Liechtenstein
67%
DDU1Honduras
66%
LLY1Italy
66%
AAE1Israel
66%
DDB1Antigua and Barbuda
66%
BBY1Libya
65%
FFM1Federated States of Micronesia
65%
FFE1Federated States of Micronesia
65%
TTY1Vatican City
65%
UUM1Belgium
65%
OOG1Togo
64%
HHM1North Macedonia
63%
RRS1Marshall Islands
63%
NNU1Vanuatu
63%
AAW1Malawi
62%
OOB1Trinidad and Tobago
61%
YYS1Malaysia
61%
OOP1Ethiopia
61%
IIO1Ethiopia
61%
IID1Trinidad and Tobago
61%
GGL1Bangladesh
61%
UUL1Bulgaria
61%
IIZ1Belize
60%
DDP1São Tomé and Príncipe
60%
SSC1Madagascar
58%
IIW1Taiwan
57%
LLS1El Salvador
56%
LLT1Malta
56%
LLV1El Salvador
56%
FFA1Burkina Faso
55%
OOD1Cambodia
55%
EEB1Lebanon
55%

Score Distribution

Percentile by Number Answered

Percent of People with Each Score

Your Score History

You have not taken this quiz since the last reset